000 00653nam a2200229Ia 4500
003 OSt
005 20220925195532.0
006 a|||||r|||| 00| 0
007 ta
008 220923b |||||||| |||| 00| 0 eng d
020 _a0574210458
037 _cGeneral Book
040 _aRTL
_cRTL
_beng
041 _2eng
_aeng
082 _aB2815, L6
100 _aSemprevivo Philip C
_9126766
245 0 _aSystems analysis
_b Definiion, process, and design
260 _aChicago
_bScience Research Association
_c1976
300 _axv,350p.
_ccm.
942 _hB2815, L6
_cGB
_2CC
999 _c533328
_d533328